000 00303nam a22001457a 4500
999 _c10400
_d10400
003 OSt
008 210125b ||||| |||| 00| 0 eng d
100 _aKANETKAR, Yashvant
245 _aLet Us C
250 _a10th
260 _aNew Delhi
_bBPB
300 _a741
650 _aMCA
942 _2ddc
_cBB
_01